• 首页
  • 本馆介绍
  • 公告通知
  • 最新文献
  • 馆藏检索
  • 电子资源
  • 读者导购
  • 参考咨询
  • 我的图书馆
  • 登录
  • 详细信息显示
  • 放入我的书架
  • 预约/预借图书
  • 作者相关作品
  • 分类相关作品
  • 丛书相关作品
  • 出版社相关作品

书目信息

  • 表格格式
  • 工作单格式
  • 卡片格式
题名:
建筑史
    
 
作者: 贾珺 主编
分册: 第39辑  
出版信息: 北京   中国建筑工业出版社  2017.6
页数: 201页
开本: 29cm
丛书名:
单 册:
中图分类: TU-091
科图分类:
主题词: 建筑史--世界--文集
电子资源:
ISBN: 978-7-112-20410-6
000 00794nam0 2200241 450
001 0400003889
005 20171025161935.54
010    @a978-7-112-20410-6@dCNY48.00
100    @a20170905e2017 em y0chiy50 ea
101 0  @achi@deng
102    @aCN@b110000
105    @aa z 000yy
106    @ar
200 1  @a建筑史@9jian zhu shi@h第39辑@f贾珺主编
210    @a北京@c中国建筑工业出版社@d2017.6
215    @a201页@c图@d29cm
300    @a清华大学建筑学院主办
330    @a本书共收入论文15篇,内容涉及中国古代建筑营造技术、中国城市史、古典园林、乡土建筑、地域建筑文化、近代建筑、文物建筑保护、现代建筑理论等领域。
606 0  @a建筑史@x世界@j文集
690    @aTU-091@v5
701  0 @a贾珺@9jia jun@f(1970-)@4主编
801  0 @aCN@b91MARC@c20171022
905    @b1027281-5@dTU-091@f5@e156:39
    
    建筑史.第39辑/贾珺主编.-北京:中国建筑工业出版社,2017.6
    201页:图;29cm
    清华大学建筑学院主办
    
    ISBN 978-7-112-20410-6:CNY48.00
    本书共收入论文15篇,内容涉及中国古代建筑营造技术、中国城市史、古典园林、乡土建筑、地域建筑文化、近代建筑、文物建筑保护、现代建筑理论等领域。
●
相关链接 在E读中查询图书 在五车中查询图书 在当当中查询图书 在豆瓣中查询图书


正题名:建筑史     索取号:TU-091/156:39         预约/预借

序号 登录号 条形码 馆藏地/架位号 状态 备注
1 1027281   210272818   第二样本阅览室/ [索取号:TU-091/156:39] 在馆    
2 1027282   210272827   密集书库-生命科学系/ [索取号:TU-091/156:39] 在馆    
3 1027283   210272836   第三借阅区/ [索取号:TU-091/156:39] 在馆    
4 1027284   210272845   第三借阅区/ [索取号:TU-091/156:39] 在馆    
5 1027285   210272854   第三借阅区/ [索取号:TU-091/156:39] 在馆    
唐山师范学院图书馆 欢迎您!
大连网信软件有限公司© 版权所有